ბათუმის შოთა რუსთაველის სახელმწიფო უნივერსიტეტის ბიბლიოთეკა

Grasses of the british isles / (ბიბ.ჩანაწერი № 45450)

000 -LEADER
fixed length control field 00639nam a2200229Ia 4500
001 - CONTROL NUMBER
control field 12274
003 - CONTROL NUMBER IDENTIFIER
control field GE_BSU
005 - DATE AND TIME OF LATEST TRANSACTION
control field 20221117153043.0
008 - FIXED-LENGTH DATA ELEMENTS--GENERAL INFORMATION
fixed length control field 181216s2009en xx |||||||||||||| ||eng||
020 ## - INTERNATIONAL STANDARD BOOK NUMBER
International Standard Book Number 9780901158413 x
040 ## - CATALOGING SOURCE
Transcribing agency GE_BSU
041 ## - LANGUAGE CODE
Language code of text/sound track or separate title eng
080 ## - UNIVERSAL DECIMAL CLASSIFICATION NUMBER
Universal Decimal Classification number 58(410) C-74
100 ## - MAIN ENTRY--PERSONAL NAME
Personal name Cope,Tom
9 (RLIN) 15896
245 ## - TITLE STATEMENT
Title Grasses of the british isles /
Statement of responsibility, etc. Tom Cope, Edited by : Paul Ashton
264 ## - PRODUCTION, PUBLICATION, DISTRIBUTION, MANUFACTURE, AND COPYRIGHT NOTICE
Place of production, publication, distribution, manufacture London,
Date of production, publication, distribution, manufacture, or copyright notice 2009.
300 ## - PHYSICAL DESCRIPTION
Extent 612 p.:
Other physical details ill;
Dimensions 21 cm.
653 ## - INDEX TERM--UNCONTROLLED
keyword Grasses of the british isles
653 ## - INDEX TERM--UNCONTROLLED
keyword ბოტანიკა
700 ## - ADDED ENTRY--PERSONAL NAME
Personal name Ashton, Paul
Relator term რედაქტორი
9 (RLIN) 15897
942 ## - ADDED ENTRY ELEMENTS (KOHA)
Koha item type წიგნი
Source of classification or shelving scheme
ეგზემპლარები
Withdrawn status Lost status Source of classification or shelving scheme Damaged status Not for loan Permanent Location Current Location Date acquired Cost, normal purchase price Full call number Barcode Date last seen Copy number Price effective from Koha item type Public note
          ბათუმის შოთა რუსთაველის სახელმწიფო უნივერსიტეტის მთავარი ბიბლიოთეკა ბათუმის შოთა რუსთაველის სახელმწიფო უნივერსიტეტის მთავარი ბიბლიოთეკა 2018-12-17 191.00 58(410) C-74 36139 2018-12-17 36139 2018-12-17 წიგნი 191gel.